[Event "Sinquefield Cup 9th+"]
[Site "Saint Louis"]
[Date "2022.09.02"]
[Round "1"]
[White "Carlsen, Magnus"]
[Black "Nepomniachtchi, Ian"]
[Result "1-0"]
[WhiteElo "2861"]
[BlackElo "2792"]
[PlyCount "85"]
[EventDate "2022.09.02"]
[EventType "tourn"]
[EventRounds "9"]
[EventCountry "USA"]
[EventCategory "21"]
[SourceTitle "EXT 2023"]
[Source "ChessBase"]
[SourceDate "2022.10.05"]
[SourceVersion "1"]
[SourceVersionDate "2022.10.05"]
[SourceQuality "1"]

{[%evp 0,77,26,26,24,12,18,20,23,-20,-7,-16,12,19,21,24,36,7,42,19,12,16,22,18,22,15,31,20,21,25,18,1,2,1,1,19,1,11,13,6,3,2,5,0,5,0,1,1,36,-23,25,42,28,25,81,87,75,90,80,81,93,93,86,86,104,96,94,112,99,86,112,108,151,139,196,190,230,271,228,182]} 1. d4 Nf6 2. c4 e6 3. Nf3 d5 4. cxd5 exd5 5. Nc3 c6 6. Bf4 Bf5 7. e3 Nbd7 8. h3 Be7 ({RR} 8... Qb6 9. Bd3 Bxd3 10. Qxd3 Be7 11. O-O O-O 12. Na4 Qb4 13. Qc2 a5 14. Rfc1 Rfe8 15. Rab1 Qc4 16. Qd1 Qa6 17. Ne1 Ne4 18. Nd3 Bd6 19. Bxd6 Nxd6 20. Nac5 Nxc5 21. Nxc5 Qb6 22. a4 Ne4 23. Nd3 {Erigaisi,A (2797)-Wei Yi (2763) London ENG 2024 1-0 (86)}) 9. g4 ({RR} 9. Nh4 Bg6 10. Nxg6 hxg6 11. Bd3 Nb6 12. Qf3 Bd6 13. O-O Bxf4 14. Qxf4 O-O 15. Rab1 Nc8 16. b4 a6 17. a4 b5 18. Ra1 Nb6 19. a5 Nc4 20. Na2 Qd6 21. Qxd6 Nxd6 22. Nc1 Nfe4 23. Bc2 f5 {Rustemov,A (2525)-Dayal,S (2264) chess.com INT 2026 1-0 (59)}) 9... Be4 $146 ({RR} 9... Bg6 10. Nh4 Qb6 11. Qe2 Be4 12. f3 Bg6 13. Nxg6 hxg6 14. h4 Nf8 15. O-O-O Ne6 16. Be5 g5 17. h5 O-O-O 18. Qc2 Qa5 19. Bd3 Bd6 20. Bxf6 gxf6 21. Kb1 Kb8 22. a3 Rc8 23. Bf5 Rce8 24. e4 {Matlakov,M (2636)-Drygalov,S (2542) Sochi RUS 2024 1-0 (44)}) 10. Be2 Qb6 11. Qb3 Qxb3 12. axb3 Bg6 13. Nh4 Bb4 14. Nxg6 hxg6 15. f3 Nf8 16. Kf2 Ne6 17. Bg3 Ke7 18. h4 a6 19. Kg2 Rad8 20. Bf2 Bd6 21. Bd3 Bb8 22. Na4 Bd6 23. Be1 c5 24. Nxc5 Nxc5 25. dxc5 Bxc5 26. Bd2 Rhe8 27. b4 Bb6 28. b5 a5 29. Bxa5 Bxa5 30. Rxa5 Kd6 31. Kf2 Re7 32. Rd1 Rh8 33. g5 Nd7 34. Ra4 Nc5 35. Rg4 Kc7 36. Bb1 Re5 37. Ba2 f6 38. gxf6 gxf6 39. Rxd5 Rxd5 40. Bxd5 Nd3+ 41. Kg3 Ne5 42. Rf4 Rd8 43. b6+ 1-0

[Event "Moscow Petrosian Memorial"]
[Site "Moscow"]
[Date "2014.11.04"]
[Round "1"]
[White "Ding, Liren"]
[Black "Kramnik, Vladimir"]
[Result "1/2-1/2"]
[WhiteElo "2730"]
[BlackElo "2760"]
[Annotator "ChessBase"]
[PlyCount "81"]
[EventDate "2014.11.04"]
[EventType "tourn"]
[EventRounds "7"]
[EventCountry "RUS"]
[EventCategory "20"]
[SourceTitle "CBM 164"]
[Source "ChessBase"]
[SourceDate "2015.01.15"]
[SourceVersion "1"]
[SourceVersionDate "2015.01.15"]
[SourceQuality "1"]

1. d4 Nf6 2. c4 e6 3. Nc3 d5 4. cxd5 exd5 5. Bg5 c6 6. e3 (6. Qc2 {is a way to prevent the variation that happened in the game, but it also allows its own side variations.}) 6... Bf5 {Much to my personal displeasure people are starting to figure out that this endgame with the double-pawns on f6 and f7 is not that bad for Black.} 7. Qf3 Bg6 8. Bxf6 Qxf6 9. Qxf6 gxf6 10. Nf3 Nd7 11. Nh4 {There isn't much in the way of set theory in this variation. White has long-term pressure against the f-pawns but Black is very solid, he has the pair of bishops and he will have many active pieces after maneuvering to the right spots.} Be7 12. g3 Nb6 {The knight is going to d6 where it can later choose on e4 or c4 depending on the circumstances.} 13. O-O-O ({RR} 13. Kd2 Nc8 14. Bd3 Nd6 15. Na4 Bxd3 16. Kxd3 f5 17. Ng2 h5 18. h4 Ne4 19. Ke2 Bd6 20. Nc3 Ke7 21. Ne1 a5 22. Nd3 a4 23. Rac1 Rhg8 24. Rhg1 Ra5 25. Rc2 Kd7 26. Kf3 Raa8 27. Ne2 Ke7 {Xiong,J (2687)-So,W (2772) Chess.com INT 2021 ½-½ (57)}) ({RR} 13. Be2 a5 14. a4 Bb4 15. O-O O-O-O 16. Na2 Bd6 17. b3 Kb8 18. Nc1 Rhe8 19. Nd3 Na8 20. Nxg6 fxg6 21. b4 Bxb4 22. Nxb4 axb4 23. Rfb1 Nb6 24. Rxb4 Nc8 25. Rc1 Kc7 26. a5 Nd6 27. Rb2 Kd7 {Bosiocic,M (2539)-Hess,M (2392) Austria AUT 2026 ½-½ (53)}) ({RR} 13. Kd2 Nc8 14. Bd3 Nd6 15. b3 O-O-O 16. f3 Rhe8 17. Rac1 Kb8 18. Ne2 Nc8 19. Nf4 Bb4+ 20. Ke2 Nd6 21. g4 Re7 22. a4 Rde8 23. Nhg2 Nc8 24. Rc2 Bd6 25. Nh5 Bxh5 26. gxh5 h6 27. Kf2 Bb4 {Ivanisevic,I (2653)-Kramnik,V (2777) Berlin 2015 0-1 (53)}) 13... Nc8 14. Bd3 Nd6 15. Kc2 $146 ({RR} 15. Ng2 Bxd3 16. Rxd3 f5 17. Nf4 a5 18. Kd1 a4 19. Ke2 Kd7 20. Rdd1 b5 21. Nd3 Kc7 22. Rc1 Kb6 23. Nb1 Nc4 24. Rc2 Rhc8 25. Rhc1 f6 26. Nd2 Kc7 27. Nf3 Kd7 28. Nh4 Ke6 29. Nf4+ Kf7 {Tomashevsky,E (2716)-Ganguly,S (2668) Doha 2016 1-0 (38)}) ({RR} 15. f3 Bxd3 16. Rxd3 f5 17. Ng2 Kd7 18. Ne2 h5 19. h4 Ne8 20. Kd2 Nf6 21. Ke1 Bd6 22. Kf2 a5 23. a4 Rhb8 24. Ra1 Ra6 25. Rb3 Kc7 26. Ngf4 Rb6 27. Rxb6 Kxb6 28. Nd3 Re8 29. Nef4 Kc7 {Wang,H (2710)-Wang,Y (2720) Beijing 2014 1-0 (66)}) 15... Kd7 16. f3 Bxd3+ {You know that White must have a hard time converting anything in this position, or even proving an advantage, when Black can get away with just trading off the g6 bishop.} 17. Kxd3 f5 18. Ng2 h5 19. h4 Rag8 20. Rh3 {Black has pressure on g3 and it's very hard to do anything with White besides have a pretty knight on f4. Ding Liren simply doesn't find a way forward from him.} Ne8 21. Ke2 Bd6 22. Kf2 Nf6 23. Ne2 a5 24. b3 Re8 25. Rhh1 Re7 26. Nef4 Rg8 27. Rd2 Ree8 28. Rc2 Kc7 29. a4 Kd7 30. Rh3 Rg7 31. Nd3 Kc7 32. Ngf4 Reg8 33. Rc1 Kb8 34. Rg1 Kc7 35. Rh2 Rb8 36. Rc1 Rbg8 37. Rg2 Kb8 38. Rcg1 Kc7 39. Rb1 Re8 40. Rgg1 Reg8 41. Rbc1 1/2-1/2

[Event "Tata Steel-A 87th"]
[Site "Wijk aan Zee"]
[Date "2025.01.24"]
[Round "6"]
[White "Mendonca, Leon Luke"]
[Black "Warmerdam, Max"]
[Result "1/2-1/2"]
[WhiteElo "2639"]
[BlackElo "2646"]
[PlyCount "66"]
[EventDate "2025.01.18"]
[EventType "tourn"]
[EventRounds "13"]
[EventCountry "NED"]
[EventCategory "19"]
[SourceTitle "Mega2025 Update 14"]
[Source "Chessbase"]
[SourceDate "2025.02.07"]
[SourceVersion "1"]
[SourceVersionDate "2025.02.07"]
[SourceQuality "1"]

1. c4 e6 2. Nc3 d5 3. d4 Nf6 4. cxd5 exd5 5. Bg5 Be7 6. e3 c6 7. Bd3 Nbd7 8. h3 Nf8 9. Nf3 $1 {9.Nf3 is better than 9.Bf4. 9.Sf3 ist besser als 9.Lf4.} Ne6 10. Bh4 g6 11. O-O O-O 12. Rb1 a5 13. Rc1 ({RR} 13. a3 Ng7 14. b4 Nf5 15. Bg5 Be6 16. Qc2 axb4 17. axb4 Rc8 18. Bf4 b5 19. Nd2 Nd6 20. Bxd6 Bxd6 21. Ne2 Nd7 22. e4 dxe4 23. Nxe4 Nf6 24. Nc5 Bd5 25. Nc3 Bb8 26. Nxd5 Qxd5 27. Rfd1 h5 {Bluebaum,M (2663)-Caruana,F (2777) chess.com INT 2025 0-1 (54)}) ({RR} 13. a3 Ne8 14. Bxe7 Qxe7 15. b4 Ng5 16. Nxg5 Qxg5 17. Kh1 axb4 18. axb4 Bf5 19. b5 Nd6 20. bxc6 {½-½ (20) Petrov,N (2572)-Stremavicius,T (2547) Reykjavik ISL 2026}) 13... Ng7 14. Qb3 Ra7 15. Na4 Bf5 $146 (15... Re8 16. Nc5 Ne6 17. Nxe6 Bxe6 18. a3 Ne4 19. Bxe7 Rxe7 20. Qc2 Nd6 21. Rfe1 Bf5 22. Bxf5 Nxf5 {½-½ Del Rio de Angelis,S (2503)-Llorente Zaro,A (2444) ESP-chT CECLUB Honor 2021 (2.2)}) ({RR} 15... Re8 16. Nc5 Ne6 17. Nxe6 Bxe6 18. a3 Ne4 19. Bxe7 Rxe7 20. Qc2 Nd6 21. Rfe1 Bf5 22. Bxf5 Nxf5 23. e4 dxe4 24. Rxe4 Ra8 25. Rce1 Rxe4 26. Rxe4 Qd5 27. Re5 Qd7 28. Qc5 Rd8 29. g4 Nd6 30. d5 {Del Rio de Angelis,S (2503)-Llorente Zaro,A (2444) Toledo 2021 ½-½ (31)}) 16. Be2 Ne4 17. Bxe7 Qxe7 18. Qb6 Raa8 19. Nc5 Nd6 20. Rc3 Rfb8 21. Nd2 Nc8 22. Qb3 Ne6 23. Nxe6 Bxe6 24. Rc5 Qd8 25. a4 Nd6 26. Ra1 Ra7 27. Rcc1 h5 28. Qc3 Rba8 29. Qc5 Kh7 30. Bd3 Bf5 31. Bxf5 Nxf5 32. Ra3 Nh4 33. Rd1 Nf5 1/2-1/2

[Event "Bundesliga 2425"]
[Site "Germany"]
[Date "2025.02.02"]
[Round "8.1"]
[White "Mamedyarov, Shakhriyar"]
[Black "Indjic, Aleksandar"]
[Result "1-0"]
[WhiteElo "2733"]
[BlackElo "2611"]
[PlyCount "81"]
[EventDate "2024.09.28"]
[EventType "team-tourn"]
[EventRounds "15"]
[EventCountry "GER"]
[SourceTitle "Mega2025 Update 14"]
[Source "Chessbase"]
[SourceDate "2025.02.07"]
[SourceVersion "1"]
[SourceVersionDate "2025.02.07"]
[SourceQuality "1"]
[WhiteTeam "Viernheim"]
[BlackTeam "Deggendorf"]
[WhiteTeamCountry "GER"]
[BlackTeamCountry "GER"]

1. d4 d5 2. c4 e6 3. Nc3 Nf6 4. cxd5 exd5 5. Bg5 c6 6. e3 h6 7. Bh4 Be7 8. Bd3 O-O 9. f3 {9.Bg3 is the modern continuation. 9.Lg3 ist die moderne Fortsetzung.} c5 10. Nge2 Nc6 11. O-O cxd4 ({RR} 11... Be6 12. Kh1 Rc8 13. Rc1 cxd4 14. exd4 Nd7 15. Bxe7 Qxe7 16. Bb1 Qd6 17. Qd3 Nf6 18. g4 Rfe8 19. Rg1 Ne7 20. Qd2 Nh7 21. Nf4 Bd7 22. Rcf1 Rc4 23. Bd3 Rc6 24. h4 a6 25. g5 Bf5 26. Re1 {Atalik,S (2399)-Yang,L (2131) Paracin SRB 2026 ½-½ (44)}) 12. exd4 Be6 13. Kh1 Re8 14. g4 $146 (14. Rc1 Qb6 15. Bb1 Qxb2 16. Nf4 Qb4 17. Bxf6 Bxf6 18. Nfxd5 Bxd5 19. Nxd5 Qxd4 20. Nc7 {0-1 Sargsyan,A (2364)-Melamed,D (2052) Titled Tuesday intern op 24th Sep Early blitz 2024 (1)}) ({RR} 14. Bf2 Bd6 15. Qd2 Nh5 16. Rac1 a6 17. Rfe1 Qc7 18. Bg1 Nf4 19. Bb1 Nxe2 20. Rxe2 Bf4 21. Qd3 g6 22. Rce1 Qd7 23. Qd1 Bg5 24. Na4 Qc7 25. Bxg6 Bh4 26. Rxe6 Rxe6 27. Rxe6 fxe6 28. Nc5 Qe7 {Carrillo Parra,M (2186)-Palczert,M (2427) chess.com INT 2025 1-0 (48)}) 14... Ne4 15. Bxe7 Nxc3 16. bxc3 Rxe7 17. Qd2 Na5 18. g5 Nc4 19. Bxc4 dxc4 20. gxh6 g6 21. Qf4 Qf8 22. Ng3 f6 23. Rae1 Rae8 24. Ne4 Bf5 25. Re3 Rd8 26. Rfe1 Rf7 27. Ng3 Bd3 28. Ne4 g5 29. Qg3 Qxh6 30. Nd6 Rfd7 31. Re8+ Rxe8 32. Rxe8+ Kg7 33. Qg4 Rxd6 34. Qc8 Kf7 35. Rh8 Qxh8 36. Qxh8 Ra6 37. Qc8 Rxa2 38. d5 Rd2 39. d6 Rd1+ 40. Kg2 Rd2+ 41. Kg1 1-0

[Event "Bundesliga 2425"]
[Site "Germany"]
[Date "2025.01.11"]
[Round "5.8"]
[White "Deac, Bogdan Daniel"]
[Black "Korobov, Anton"]
[Result "1/2-1/2"]
[WhiteElo "2680"]
[BlackElo "2650"]
[PlyCount "197"]
[EventDate "2024.09.28"]
[EventType "team-tourn"]
[EventRounds "15"]
[EventCountry "GER"]
[SourceTitle "Mega2025 Update 14"]
[Source "Chessbase"]
[SourceDate "2025.02.07"]
[SourceVersion "1"]
[SourceVersionDate "2025.02.07"]
[SourceQuality "1"]
[WhiteTeam "Baden-Baden"]
[BlackTeam "Viernheim"]
[WhiteTeamCountry "GER"]
[BlackTeamCountry "GER"]

1. d4 d5 2. c4 e6 3. Nf3 Nf6 4. Nc3 Nbd7 5. Qc2 Be7 6. cxd5 exd5 7. Bf4 c6 8. h3 Nf8 9. e3 Ng6 $1 {9...Ng6 is better than 9...Ne6. 9...Sg6 ist besser als 9...Se6.} 10. Bh2 Bd6 11. Bd3 $146 ({RR} 11. Ne5 Qe7 12. f4 O-O 13. Bd3 c5 14. O-O-O c4 15. Be2 Bd7 16. g4 Bc6 17. g5 Nd7 18. h4 f6 19. gxf6 Qxf6 20. Bg4 Nb6 21. h5 Ne7 22. h6 g6 23. Bg3 Nf5 24. Bf2 Nc8 25. e4 dxe4 {Bolduc,S-Voskanyan,V (2317) Montreal 2001 1-0 (38)}) ({RR} 11. Bxd6 Qxd6 12. Bd3 Ne7 13. Ne5 g6 14. g4 h5 15. O-O-O Nd7 16. f4 Nxe5 17. fxe5 Qb4 18. a3 Qa5 19. Ne2 Bd7 20. gxh5 Rxh5 21. h4 O-O-O 22. Nf4 Rh6 23. h5 gxh5 24. Rxh5 Rxh5 25. Nxh5 Bg4 {Sarana,A (2682)-Eljanov,P (2695) chess.com INT 2023 1-0 (97)}) ({RR} 11. Bxd6 Qxd6 12. Bd3 O-O 13. O-O Bd7 14. Rfb1 a5 15. a3 b6 16. Na4 Rfb8 17. b4 axb4 18. axb4 Be8 19. b5 cxb5 20. Bxb5 Bxb5 21. Rxb5 Ra5 22. Rab1 Rxb5 23. Rxb5 Nd7 24. Qb3 Ne7 25. Nc3 Ra8 {Mekhitarian,K (2544)-Bluebaum,M (2694) chess.com INT 2026 0-1 (58)}) 11... Bxh2 12. Nxh2 $146 (12. Rxh2 Qe7 13. O-O-O O-O 14. h4 Ng4 15. Rhh1 f5 16. h5 Nh8 17. Ne5 Nxe5 18. dxe5 Qxe5 {0-1 Herink,M-Sandor,B Bratislava 1957 (13)}) 12... O-O 13. O-O Re8 14. Rfe1 Qd6 15. f3 Bd7 16. Rad1 Rac8 17. Qf2 c5 18. dxc5 Qxc5 19. Bxg6 hxg6 20. Rd4 g5 21. Red1 Re5 22. Qd2 Rce8 23. Nf1 Bb5 24. Nxb5 Qxb5 25. Rc1 a5 26. Rc3 R5e6 27. Rb3 Qa6 28. Ra3 b6 29. Rc3 Qb7 30. Qc2 Qe7 31. Kf2 g6 32. Qd2 Qf8 33. Qc1 Qd6 34. Kg1 Qe7 35. Rc2 Qf8 36. Rd3 Qe7 37. Qd2 Rd6 38. Qc3 Nd7 39. Rcd2 Qe6 40. e4 Nf6 41. Qb3 Red8 42. Ne3 a4 43. Qd1 b5 44. Nxd5 Nxd5 45. Rxd5 Rxd5 46. Rxd5 Qb6+ 47. Kh1 Rc8 48. Qd4 Qc7 49. Qe5 Qc1+ 50. Kh2 b4 51. Ra5 a3 52. bxa3 bxa3 53. Qd6 g4 54. fxg4 Qb1 55. Qd7 Qb8+ 56. e5 Rd8 57. Qe7 Re8 58. Qxa3 Qc7 59. Qc5 Qb7 60. Qb5 Qc8 61. Ra7 Qe6 62. Ra6 Qxe5+ 63. Qxe5 Rxe5 64. a4 g5 65. Rb6 Re4 66. Rb5 Rxa4 67. Rxg5+ Kh7 68. h4 Ra3 69. Rf5 Kg7 70. g5 Kg6 71. Rf4 Rb3 72. g3 Rb2+ 73. Kh3 Rb5 74. Rf6+ Kg7 75. Kg4 Rb4+ 76. Rf4 Rb3 77. h5 Ra3 78. Kh4 Ra1 79. h6+ Kg8 80. g6 fxg6 81. Kg5 Ra7 82. Rb4 Kh7 83. Rb5 Rc7 84. g4 Ra7 85. Rc5 Rb7 86. Re5 Ra7 87. Re8 Ra5+ 88. Kf6 Ra6+ 89. Re6 Rxe6+ 90. Kxe6 Kxh6 91. Kf6 g5 92. Kf5 Kh7 93. Kxg5 Kg7 94. Kf5 Kf7 95. g5 Kg7 96. g6 Kg8 97. Kf6 Kf8 98. g7+ Kg8 99. Kg6 1/2-1/2

[Event "Chennai Quantbox-A"]
[Site "Chennai"]
[Date "2025.08.11"]
[Round "5"]
[White "Van Foreest, Jorden"]
[Black "Robson, Ray"]
[Result "1-0"]
[WhiteElo "2697"]
[BlackElo "2687"]
[PlyCount "163"]
[EventDate "2025.08.07"]
[EventType "tourn"]
[EventRounds "9"]
[EventCountry "IND"]
[EventCategory "18"]
[SourceTitle "Mega2025 Update 42"]
[Source "Chessbase"]
[SourceDate "2025.08.22"]
[SourceVersion "1"]
[SourceVersionDate "2025.08.22"]
[SourceQuality "1"]

1. d4 Nf6 2. c4 e6 3. Nc3 d5 4. cxd5 exd5 5. Bg5 Be7 6. e3 h6 7. Bf4 Bf5 8. Nf3 $5 {[%mdl 4] A promising side line. Eine vielversprechende Nebenvariante.} ({RR} 8. Qb3 Nc6 9. Nf3 Na5 10. Qd1 c6 11. Ne5 O-O 12. g4 Bh7 13. h4 Ne4 14. g5 Bb4 15. Rc1 f6 16. gxf6 Rxf6 17. Qg4 Qe7 18. Bd3 Bf5 19. Qe2 Nxc3 20. bxc3 Bxd3 21. Qxd3 Bd6 22. Bg5 Bxe5 {Fedoseev,V (2690)-Carlsen,M (2830) chess.com INT 2024 ½-½ (72)}) ({RR} 8. Bd3 Bxd3 9. Qxd3 O-O 10. Nge2 c6 11. h3 Nbd7 12. O-O Re8 13. f3 Nf8 14. e4 dxe4 15. fxe4 Ne6 16. Be3 Qd7 17. Rad1 Rad8 18. Qc2 Qc8 19. Rf2 Nh7 20. Rdf1 Rf8 21. e5 Bg5 22. Bxg5 Nhxg5 {Bluebaum,M (2698)-Vetokhin,S (2572) chess.com INT 2026 1-0 (36)}) 8... c6 $146 ({RR} 8... O-O 9. Bd3 Bxd3 10. Qxd3 Nc6 11. a3 Re8 12. O-O Bd6 13. Bxd6 Qxd6 14. h3 Ne4 15. Nd2 Nxd2 16. Qxd2 Ne7 17. Ne2 c5 18. dxc5 Qxc5 19. Rac1 Qd6 20. Nd4 Nc6 21. Nxc6 bxc6 22. Rc3 c5 23. Rd1 {Pausweg,D (1482)-Ringbauer,D (1619) Playchess.com INT 2020 0-1 (71)}) 9. h3 Nbd7 10. g4 $146 (10. Bd3 Bxd3 11. Qxd3 Nf8 12. O-O Ne6 13. Bh2 O-O 14. Rab1 a5 15. Ne5 Ng5 16. f3 {0-1 Fominykh,M (2206)-Soumya,S (2351) Speed Chess (Women) Q1 blitz 2020 (4)}) 10... Bh7 11. Bd3 Bxd3 12. Qxd3 Bb4 13. Nd2 Qe7 14. a3 Bxc3 15. bxc3 g5 16. Bg3 h5 17. Ke2 Ne4 18. Nxe4 dxe4 19. Qb1 Qe6 20. gxh5 b6 21. Qa2 Qxa2+ 22. Rxa2 Rxh5 23. a4 Ke7 24. a5 Rah8 25. axb6 axb6 26. Ra7 Rxh3 27. Rb1 Rxg3 28. fxg3 Rh2+ 29. Kd1 b5 30. d5 Rh1+ 31. Kc2 Rh2+ 32. Kb3 cxd5 33. Rba1 Rh6 34. Kb4 Rc6 35. R1a6 Rc4+ 36. Kb3 Ra4 37. Rxa4 bxa4+ 38. Kxa4 f5 39. Kb5 Kd6 40. Ra6+ Ke5 41. Rg6 g4 42. Kc6 Nf6 43. Kc7 Ke6 44. Rg5 Ke5 45. Kc8 Ke6 46. Kd8 Nh7 47. Rh5 Nf6 48. Rh1 Kd6 49. Rh2 Ke6 50. Rh6 Kf7 51. Kc7 Ke7 52. Kb6 Ke6 53. Rg6 Kf7 54. Rg5 Ke6 55. Kc5 Ke5 56. Kc6 Ke6 57. Rg6 Kf7 58. Rh6 Ke6 59. Rh1 Ke5 60. Rh8 Ke6 61. Kc5 Ke5 62. Rd8 Nh5 63. Re8+ Kf6 64. Kxd5 Nxg3 65. Rf8+ Kg7 66. Rb8 Ne2 67. Rb2 Nc1 68. c4 Nd3 69. Rb6 g3 70. c5 g2 71. Rb1 Kf6 72. Rg1 Nb4+ 73. Kd6 f4 74. Rxg2 fxe3 75. Rb2 Na6 76. c6 Kf5 77. Ra2 e2 78. Rxe2 Kf4 79. Rf2+ Kg4 80. Ra2 Nb4 81. c7 Nxa2 82. c8=Q+ 1-0

[Event "Tata Steel-A 87th"]
[Site "Wijk aan Zee"]
[Date "2025.01.21"]
[Round "4"]
[White "Keymer, Vincent"]
[Black "Van Foreest, Jorden"]
[Result "1/2-1/2"]
[WhiteElo "2733"]
[BlackElo "2680"]
[PlyCount "115"]
[EventDate "2025.01.18"]
[EventType "tourn"]
[EventRounds "13"]
[EventCountry "NED"]
[EventCategory "19"]
[SourceTitle "Mega2025 Update 14"]
[Source "Chessbase"]
[SourceDate "2025.02.07"]
[SourceVersion "1"]
[SourceVersionDate "2025.02.07"]
[SourceQuality "1"]

1. d4 d5 2. c4 e6 3. Nc3 Be7 4. cxd5 exd5 5. Bf4 Nf6 6. e3 Bf5 7. Nf3 c6 8. Nh4 $1 {[%mdl 4] is currently scoring better than 8.Bd3. wohl besser als 8.Ld3.} Bg6 9. h3 Nbd7 10. Nxg6 hxg6 11. Bd3 Nf8 ({RR} 11... Nb6 12. Qc2 Bd6 13. O-O-O Bxf4 14. exf4 Qd6 15. Rde1+ Kf8 16. g3 Re8 17. Re5 Nfd7 18. Rxe8+ Kxe8 19. h4 Kd8 20. Qd2 Nf8 21. f5 gxf5 22. Qg5+ Qf6 23. Qxf6+ gxf6 24. Bxf5 Nc4 25. Ne2 Nd6 26. Bd3 {Erigaisi,A (2775)-Anand,V (2743) Jerusalem ISR 2025 1-0 (45)}) 12. Qb3 $146 (12. O-O Bd6 13. Qb3 Bxf4 14. exf4 Qb6 15. Rfe1+ Ne6 16. f5 gxf5 17. Bxf5 Qxb3 18. axb3 {½-½ Fressinet,L (2652)-Eljanov,P (2694) Aimchess Rapid Div 3 W 2023 (1.1)}) 12... Qb6 13. Qc2 $146 ({RR} 13. O-O Ne6 14. Be5 Kf8 15. Qc2 Kg8 16. Rae1 Nd7 17. Bh2 Qd8 18. f4 Bd6 19. Kh1 Nf6 20. Qf2 a6 21. e4 dxe4 22. Nxe4 Bb4 23. Rd1 Nxd4 24. Ng5 Qd5 25. b3 b5 26. Bxg6 fxg6 27. Rxd4 Qc5 {Xu,M (2435)-Lou Yiping (2419) Daqing CHN 2026 ½-½ (42)}) 13... Ne6 14. Be5 O-O 15. O-O-O Rac8 16. Kb1 Rfd8 17. Be2 Nd7 18. Bg3 Nf6 19. Be5 Nd7 20. Bg3 Nf6 21. Bg4 c5 22. dxc5 Rxc5 23. Qb3 Qxb3 24. axb3 Nxg4 25. hxg4 d4 26. exd4 Nxd4 27. Rhe1 Ne6 28. f3 a6 29. Rxd8+ Bxd8 30. Rd1 Bc7 31. Bxc7 Rxc7 32. Nd5 Rc5 33. b4 Rc4 34. b3 Rd4 35. Rxd4 Nxd4 36. Kb2 Kf8 37. Kc3 Ne6 38. b5 axb5 39. Kb4 Nd4 40. Nc3 Ke7 41. Nxb5 Ne6 42. Ka5 Nf4 43. g3 Nd5 44. Na3 Kd6 45. Kb5 f5 46. Nc4+ Ke6 47. g5 f4 48. g4 Nc3+ 49. Kc5 Ne2 50. b4 Nc1 51. Nb2 Nb3+ 52. Kb6 Nd4 53. Kxb7 Kd5 54. Kc7 Nxf3 55. Nd3 Kc4 56. Nxf4 Nxg5 57. Nxg6 Kxb4 58. Kd7 1/2-1/2

[Event "CHN-chT Div A Pt1"]
[Site "Nanjing"]
[Date "2025.08.29"]
[Round "3.3"]
[White "Yu, Yangyi"]
[Black "Ma, Qun"]
[Result "1-0"]
[WhiteElo "2714"]
[BlackElo "2610"]
[PlyCount "109"]
[EventDate "2025.08.27"]
[EventType "team-swiss"]
[EventRounds "6"]
[EventCountry "CHN"]
[SourceTitle "Mega2025 Update 44"]
[Source "Chessbase"]
[SourceDate "2025.09.05"]
[SourceVersion "1"]
[SourceVersionDate "2025.09.05"]
[SourceQuality "1"]
[WhiteTeam "Beijing"]
[BlackTeam "Hangzhou Bank"]
[WhiteTeamCountry "CHN"]
[BlackTeamCountry "CHN"]

1. d4 d5 2. c4 e6 3. Nc3 Nf6 4. cxd5 exd5 5. Bg5 Be7 6. e3 h6 7. Bh4 O-O 8. Bd3 Re8 9. Nge2 c6 10. f3 b5 11. O-O Nbd7 12. Rc1 a5 ({RR} 12... Bb7 13. Qd2 a6 14. Bf5 g6 15. Bh3 Nb6 16. b3 Nh7 17. Bxe7 Qxe7 18. Nd1 Ng5 19. Nf4 a5 20. Re1 a4 21. Nf2 axb3 22. axb3 Ra3 23. e4 ({RR} 23. Rb1 Rea8 24. N4d3 Ra2 25. Rb2 Ra1 26. Nc5 R8a3 27. Reb1 R3a2 28. Qe1 Rxb1 29. Rxb1) 23... Qf8 24. Ng4 Kg7 25. exd5 Nxd5 26. Nxd5 cxd5 27. Qf4 {Yu,Y (2714)-Puranik,A (2635) Samarkand 2025 ½-½ (41)}) 13. Bf2 Ba6 14. Nf4 $5 {[%mdl 4] Exploring less charted territory. Erkundet wenig bekanntes Terrain.} ({RR} 14. Ng3 Bf8 15. e4 b4 16. Na4 Bxd3 17. Qxd3 dxe4 18. fxe4 h5 19. Qf3 h4 20. Nf5 Rxe4 21. Bxh4 g6 22. Qxe4 Nxe4 23. Bxd8 gxf5 24. Bc7 Bg7 25. Rfd1 Re8 26. Rxc6 Ndf6 27. Be5 Ng4 28. Bxg7 Kxg7 {Bluebaum,M (2698)-Kravtsiv,M (2598) chess.com INT 2026 1-0 (38)}) 14... Bd6 15. Re1 $146 ({RR} 15. Nce2 c5 16. dxc5 Nxc5 17. Bb1 b4 18. Re1 Rc8 19. Nd4 Be5 20. Qd2 Rc7 21. Bg3 Qd7 22. Nh3 Bxg3 23. hxg3 Ne6 24. Nf4 Nxd4 25. Qxd4 Rec8 26. Rcd1 Bb7 27. Qb6 Rc5 28. Nd3 Rb5 29. Qd4 Qd6 {Yuffa,D (2621)-Deac,B (2655) Rhodes GRE 2025 0-1 (49)}) 15... Nb6 $146 (15... a4 16. Nce2 c5 17. dxc5 Nxc5 18. Bb1 Ne6 19. Qd2 b4 20. b3 axb3 21. axb3 Qb8 {½-½ Aryan,C (2630)-Andersen,M (2598) Capablanca Memorial Elite 57th 2024 (2)}) 16. b3 b4 17. Nce2 Bxd3 18. Nxd3 Rc8 19. Ng3 Nbd7 20. Re2 Qb6 21. Rec2 g6 22. Ne2 Qb5 23. Qd2 Rc7 24. Bg3 Bxg3 25. hxg3 h5 26. Nef4 Kg7 27. Nc5 Nf8 28. Nfd3 N8d7 29. Kf2 Rcc8 30. Nf4 Nf8 31. Qd3 Qb6 32. Qa6 Qd8 33. Nfd3 Qe7 34. Re2 h4 35. gxh4 Nh5 36. g3 Qd6 37. Nf4 Nxf4 38. exf4 Qf6 39. Re5 Ra8 40. Qe2 Red8 41. Kg2 Nd7 42. Re7 Nxc5 43. Rxc5 Kf8 44. Rc7 Re8 45. Qc2 Re6 46. R5xc6 Rae8 47. Qc5+ Kg7 48. Qxd5 Rxc6 49. Rxc6 Re2+ 50. Kh3 Qe7 51. f5 gxf5 52. Qxf5 Rxa2 53. Qg4+ Kh7 54. Qh5+ Kg8 55. Rc8+ 1-0